Online Catalogue and eLibrary

Fourth national convention on women's studies : (Record no. 5548)

MARC details
000 -LEADER
fixed length control field 00243nam a2200097Ia 4500
008 - FIXED-LENGTH DATA ELEMENTS--GENERAL INFORMATION
fixed length control field 240331s9999 xx 000 0 und d
082 ## - DDC Classification
Item Number - Author Mark FOU
100 ## - MAIN ENTRY--PERSONAL NAME
Personal name Cenwor. ed
245 #0 - TITLE STATEMENT
Title Fourth national convention on women's studies :
Remainder of title women
942 ## - Koha item type (Biblio)
Koha item type Books in Stacks (Lending)
Holdings
Lost status Damaged status Collection code Home library Current library Shelving location Date acquired Full call number Accession Number Item type
    Lending WERC Library WERC Library Social Science Cupboard 03/31/2024 060.3054 FOU 3139 Books in Stacks (Lending)

© WERC Library